000 00599nam a2200193Ia 4500
005 20250508162522.0
008 008 250505s9999 xx 000 0 eng d
037 _aTextual
040 _aFEDL
_beng
_cFEDL
041 _aeng
_2eng
084 _a371.26, SHA
_qFEDL
100 _aSharma Radha R
245 0 _aEnhancing academic achievement : Role of some personality factors
260 _aNew Delhi, India
_bConcept Publishing Company
_c1985
300 _axiii,151p.
650 _aEducational - Tests and Measurement
942 _cTEXL
_h371.26, SHA
999 _c1377046
_d1377046